| 000 | 00510nam a22001697a 4500 | ||
|---|---|---|---|
| 003 | OSt | ||
| 005 | 20140310182152.0 | ||
| 008 | 130830t xxu||||| |||| 00| 0 eng d | ||
| 050 |
_aDK 275 _b.P294 1989 |
||
| 082 |
_aHS 796.092 _b Pa27 1989 |
||
| 100 |
_aPataki, Ladislav _915813 |
||
| 245 |
_aWinning secrets : _cDr. Ladislav Pataki _bconfessions of a soviet bloc sports scientists / |
||
| 260 |
_aUnited State: _blee holden, _cc1989. |
||
| 300 |
_a175 p. : _bill. ; _c22 cm. |
||
| 942 |
_2lcc _cHS |
||
| 999 |
_c10029 _d10029 |
||